00874nam a2200205Ia 4500999001700000082001200017100002000029245008600049260006300135300000800198650003200206650004800238650004600286650004100332650004700373650004900420710003700469942001200506952015000518 c20359d20359 aRK 0224 aKhanduri, B. K. 0aSocio-economic study of the tribal farmers of Garhwal himalayas in Uttarakhandb: c2008bIndian Council of Social Science Research, New Delhi a113 aAgriculturezIndiazGarhwal aTribesvEconomic conditionszIndiazGarhwal aTribesvSocial conditionszIndiazGarhwal aAgricultural systemszIndiazGarhwal aFarmersvSocial conditionszIndiazGarhwal aFarmersvEconomic conditionszIndiazGarhwal aG B Pant University, Uttarakhand cRP2ddc 001040718MRPaNASSDOCbNASSDOCd2012-07-10eGifted by : RP Division, ICSSRi2012-06-28l0oRK 0224p47759r2019-04-18 00:00:00w2019-04-18yRP